China's geoinformation industry 2015 / (Record no. 18842)

000 -LEADER
fixed length control field 00514cam a2200193 i 4500
020 ## - INTERNATIONAL STANDARD BOOK NUMBER
ISBN 9781879944671 (pbk.)
020 ## - INTERNATIONAL STANDARD BOOK NUMBER
ISBN 1879944677 (pbk.)
040 ## - CATALOGING SOURCE
Transcribing agency DLC
041 1# - LANGUAGE CODE
Language code of original and/or intermediate translations of text chi
082 00 - DEWEY DECIMAL CLASSIFICATION NUMBER
Classification number 338 WOR 1981 C153 Or.
245 10 - TITLE STATEMENT
Title China's geoinformation industry 2015 /
250 ## - EDITION STATEMENT
Edition statement First Edition.
300 ## - PHYSICAL DESCRIPTION
Number of Pages 207 pages ;
Dimensions 28 cm.
490 0# - SERIES STATEMENT
Series statement East View special intelligence reports
650 #0 - SUBJECT ADDED ENTRY--TOPICAL TERM
Topical Term Geographic information systems
650 #0 - SUBJECT ADDED ENTRY--TOPICAL TERM
Topical Term Geodatabases
700 1# - ADDED ENTRY--PERSONAL NAME
Personal name Kurexi, Maihesuti,
942 ## - ADDED ENTRY ELEMENTS (KOHA)
Koha item type ADB
952 ## - LOCATION AND ITEM INFORMATION (KOHA)
Withdrawn status [LOCAL, KOHA] 0
Holdings
Koha item type Source of acquisition Lost status Permanent Location Current Location Date acquired Full call number
សៀវភៅភាសាអង់គ្លេសA33006 Library Block CLibrary Block C2020-01-29338 WOR 1981 C153 Or.
មជ្ឈមណ្ឌលឯការនៃសាកលវិទ្យាល័យភូមិន្ទកសិកម្មចំការដូង

Powered by Koha